| 000 | 01860nab a22003137a 4500 | ||
|---|---|---|---|
| 999 |
_c6459 _d6459 |
||
| 003 | OSt | ||
| 005 | 20260205103803.0 | ||
| 008 | 190429b xxu||||| |||| 00| 0 spa d | ||
| 040 | _cPJ | ||
| 100 |
_aCastex, Francisco _96562 |
||
| 245 | 1 | 3 |
_a¿La pena a prisión perpetua es justa? A propósito de la condena impuesta por la muerte de Fernando Báez Sosa /
_cFrancisco Castex, Rosario Alessandretti. |
| 260 |
_cCiudad Autónoma de Buenos Aires : _aThomson Reuters La Ley, _b2024. |
||
| 300 | _ap. 213-218 | ||
| 500 | _aCita: TR LALEY AR/DOC/819/2023. | ||
| 505 | _aSumario: Introducción.— II. ¿En qué consiste la pena perpetua aplicada en el caso aquí analizado? — III. ¿Sin perpetua, no hay justicia? — IV. El discurso punitivista. Su ilegitimidad e inutilidad.— V. Reflexiones finales. | ||
| 505 | _aFallo comentado: TCrim. Nro. 1, Dolores ~ 06/02/2023 ~ Thomsen, Máximo Pablo; Pertossi, Ciro; Comelli, Enzo Tomás; Benicelli, Matías Franco; Viollaz, Ayrton Michael; Cinalli, Blas; Pertossi, Luciano y Pertossi, Lucas Fidel s/ homicidio doblemente agravado por su comisión por alevosía y por el concurso premeditado de dos o más personas —a Báez Sosa, Fernando— en concurso ideal con lesiones leves. | ||
| 505 | _tSi te interesa el texto completo, solicitalo a koha@justierradelfuego.gov.ar | ||
| 650 | 0 |
_9343 _aDERECHO PENAL |
|
| 650 | 0 |
_91247 _aMEDIOS DE COMUNICACION |
|
| 650 | 0 |
_94933 _aPRISIÓN PERPETUA |
|
| 650 | 0 |
_92913 _aHOMICIDIO |
|
| 650 | 0 |
_92818 _aAGRAVANTES DE LA PENA |
|
| 650 | 0 |
_92934 _aHOMICIDIO CON ALEVOSÍA |
|
| 650 | 0 |
_96081 _aPREMEDITACION |
|
| 650 | 0 |
_aCOAUTORIA _93344 |
|
| 700 |
_aAlessandretti, Rosario _97083 |
||
| 773 | 0 |
_02658 _93164 _tRevista de derecho penal y criminología. Nº 4 - Mayo 2024 _dCiudad Autónoma de Buenos Aires : Thomson Reuters La Ley, 2017- _x00347914 |
|
| 942 |
_2udc _cANA |
||